|
|
|
|
| LEADER |
00000nab a2200000 a 4500 |
| 001 |
vtls000910318 |
| 003 |
SK-MaSNL |
| 005 |
20260302173121.0 |
| 008 |
040720e20021023xo 0 slo |
| 035 |
|
|
|a KE19241
|
| 040 |
|
|
|a KEVKJB
|b slo
|c KEVKJB
|e AACR2
|
| 041 |
0 |
|
|a slo
|
| 044 |
|
|
|a xo
|c SK
|
| 080 |
|
|
|a 341.71
|2 1981
|
| 100 |
1 |
|
|a Kizek, Marián
|4 aut
|9 877271
|
| 245 |
1 |
0 |
|a Košice majú španielsky konzulát, veľvyslanec sa už teší na členstvo Slovenska v EÚ
|
| 300 |
|
|
|b 1 obr.
|
| 610 |
2 |
7 |
|a honorárny konzulát Španielskeho kráľovstva
|2 KEVKJB
|9 880238
|
| 650 |
0 |
7 |
|a zastupiteľské úrady
|2 KEVKJB
|9 1253
|
| 650 |
0 |
7 |
|a otvorenie
|2 KEVKJB
|9 765696
|
| 650 |
0 |
7 |
|a informácie
|2 KEVKJB
|9 1285
|
| 651 |
|
7 |
|a Košice (Slovensko)
|2 KEVKJB
|9 18694
|
| 651 |
|
7 |
|a KE,
|2 KEVKJB
|9 877256
|
| 655 |
|
7 |
|a periodikum
|2 snkbucl
|9 29553
|
| 710 |
2 |
|
|a honorárny konzulát Španielskeho kráľovstva
|4 aut
|9 880238
|
| 773 |
0 |
8 |
|t Košický denník Korzár
|g Roč. 5, č.247, 23.10.2002, s. 3
|x 1335-4566
|
| 852 |
|
|
|a ZVYKNI
|b KIS3GCP
|
| 999 |
|
|
|c 1400772
|d 1402702
|